| 000 | 00518nam a2200145Ia 4500 | ||
|---|---|---|---|
| 008 | 100204s9999 xx 000 0 und d | ||
| 082 | _b4762 | ||
| 100 | _aआपटे हरि नारायण | ||
| 245 | _aचाणाक्षपणाचा कळस | ||
| 260 |
_b"रम्यकथा प्रकाशन , पुणे" _c1973 6 |
||
| 300 | _a151 | ||
| 630 | _aचाणाक्षपणाचा कळस | ||
| 730 | _aचाणाक्षपणाचा कळस | ||
| 942 | _cBOOK | ||
| 999 |
_c449451 _d449448 |
||